000 00606nam a2200229Ia 4500
003 OSt
005 20220918213618.0
006 a|||||r|||| 00| 0
007 ta
008 220917b |||||||| |||| 00| 0 eng d
024 _a133,543
037 _cTextual
040 _aARTS
_cARTS
_beng
041 _2eng
_aeng
082 _aX:82:S:73:6, J0
100 _aThorndike Robert L
_9127737
245 0 _aPersonnel selections, test and measurement techniques
260 _c1950
650 _aECONOMICS
942 _hX:82:S:73:6, J0
_cTEXL
_2CC
999 _c256651
_d256651